| 000 | 00649nam a2200157Ia 4500 | ||
|---|---|---|---|
| 008 | 140925s9999 xx 000 0 und d | ||
| 245 |
_aResearch Open Journal of Mass Communication and Media / _h[electronic resource] |
||
| 260 |
_bScience and Technology Publishing, _cc2012. |
||
| 516 | _aElectronic text | ||
| 650 | _aJournals. | ||
| 650 | _aMass Communication. | ||
| 830 | _aScience and Technology Publishing | ||
| 856 | _uhttp://www.scitecpub.com/Research%20Open%20Journal%20of%20%20Mass%20Communication%20and%20Media/Research%20Open%20Journal%20of%20%20Mass%20Communication%20and%20Media.php | ||
| 942 | _cEJ | ||
| 999 |
_c275618 _d275618 |
||